Электроматериаловедение: учебник

Bibliografiske detaljer
Hovedforfatter: Журавлева Л. В. Людмила Васильевна
Summary:Рассмотрены основные свойства различных классов электрорадиоматериалов, используемых в производстве радиоэлектронной аппаратуры: проводников, полупроводников, диэлектриков, магнитных материалов. Изложены основы физических явлений, происходящих в них, требования, предъявляемые к этим материалам, и области их применения. Для учащихся начальных профессиональных учебных заведений радиотехнических специальностей и студентов средних профессиональных учебных заведений.
Sprog:russisk
Udgivet: Москва, Академия, 2004
Udgivelse:3-е изд., стер.
Serier:Профессиональное образование. Электротехника
Fag:
Format: MixedMaterials Bog
KOHA link:https://koha.lib.tpu.ru/cgi-bin/koha/opac-detail.pl?biblionumber=111652

MARC

LEADER 00000nam0a2200000 4500
001 111652
005 20231101215017.0
010 |a 5769515481 
035 |a (RuTPU)RU\TPU\book\120588 
090 |a 111652 
100 |a 20070319d2004 m y0rusy50 ca 
101 0 |a rus 
102 |a RU 
105 |a a j 001zy 
200 1 |a Электроматериаловедение  |e учебник  |f Л. В. Журавлева 
205 |a 3-е изд., стер. 
210 |a Москва  |c Академия  |d 2004 
215 |a 312 с.  |c ил. 
225 1 |a Профессиональное образование. Электротехника 
320 |a Библиогр.: с. 309. 
330 |a Рассмотрены основные свойства различных классов электрорадиоматериалов, используемых в производстве радиоэлектронной аппаратуры: проводников, полупроводников, диэлектриков, магнитных материалов. Изложены основы физических явлений, происходящих в них, требования, предъявляемые к этим материалам, и области их применения. Для учащихся начальных профессиональных учебных заведений радиотехнических специальностей и студентов средних профессиональных учебных заведений. 
606 1 |a Электротехнические материалы  |2 stltpush  |3 (RuTPU)RU\TPU\subj\20959  |9 46018 
610 1 |a электроматериаловедение 
610 1 |a электроматериалы 
610 1 |a классификация 
610 1 |a проводниковые материалы 
610 1 |a полупроводниковые материалы 
610 1 |a диэлектрические материалы 
610 1 |a твердые диэлектрики 
610 1 |a магнитные материалы 
610 1 |a физические явления 
610 1 |a применение 
610 1 |a учебные пособия 
610 1 |a материаловедение 
675 |a 621.3.002.3(075.32)  |v 3 
700 1 |a Журавлева  |b Л. В.  |g Людмила Васильевна 
801 1 |a RU  |b 63413507  |c 20070319  |g PSBO 
801 2 |a RU  |b 63413507  |c 20150610  |g PSBO 
942 |c BK